| 000 -LEADER |
| fixed length control field |
01406 a2200265 4500 |
| 003 - CONTROL NUMBER IDENTIFIER |
| control field |
Nust |
| 005 - DATE AND TIME OF LATEST TRANSACTION |
| control field |
20221226130616.0 |
| 010 ## - LIBRARY OF CONGRESS CONTROL NUMBER |
| LC control number |
95042361 |
| 020 ## - INTERNATIONAL STANDARD BOOK NUMBER |
| International Standard Book Number |
0521637600 |
| 040 ## - CATALOGING SOURCE |
| Transcribing agency |
Nust |
| 082 00 - DEWEY DECIMAL CLASSIFICATION NUMBER |
| Classification number |
355,MIL |
| 245 00 - TITLE STATEMENT |
| Title |
Military innovation in the interwar period / |
| Statement of responsibility, etc. |
edited by Williamson Murray, Allan R. Millett. |
| 260 ## - PUBLICATION, DISTRIBUTION, ETC. |
| Place of publication, distribution, etc. |
Cambridge ; |
| -- |
New York : |
| Name of publisher, distributor, etc. |
Cambridge University Press, |
| Date of publication, distribution, etc. |
1996. |
| 300 ## - PHYSICAL DESCRIPTION |
| Extent |
ix, 428 p. ; |
| Dimensions |
24 cm. |
| 505 ## - FORMATTED CONTENTS NOTE |
| Formatted contents note |
Armored Warfare The British, French and German (Page-6), Assault From the Sea (Page-50), Strategic Bombing (Page-96), Close Air Support (Page-144), Adopting The Aircraft Carrier (Page-191), Innovation Ignored (Page-227), From Radio To Radar (Page-265), Innovation Past and Future (Page-300), Pattern Military Innovation in the Interwar Period (Page-329), Military Innovation In Peacetime (Page-369). |
| 650 #0 - SUBJECT ADDED ENTRY--TOPICAL TERM |
| Topical term or geographic name entry element |
Military art and science |
| General subdivision |
Technological innovations |
| -- |
History |
| Chronological subdivision |
20th century. |
| 9 (RLIN) |
105932 |
| 650 #0 - SUBJECT ADDED ENTRY--TOPICAL TERM |
| Topical term or geographic name entry element |
Military history, Modern |
| Chronological subdivision |
20th century. |
| 9 (RLIN) |
105933 |
| 650 #0 - SUBJECT ADDED ENTRY--TOPICAL TERM |
| Topical term or geographic name entry element |
World politics |
| Chronological subdivision |
1919-1932. |
| 9 (RLIN) |
105934 |
| 650 #0 - SUBJECT ADDED ENTRY--TOPICAL TERM |
| Topical term or geographic name entry element |
World politics |
| Chronological subdivision |
1933-1945. |
| 9 (RLIN) |
105935 |
| 700 1# - ADDED ENTRY--PERSONAL NAME |
| Personal name |
Millett, Allan Reed. |
| 9 (RLIN) |
105936 |
| 700 1# - ADDED ENTRY--PERSONAL NAME |
| Personal name |
Murray, Williamson. |
| 856 42 - ELECTRONIC LOCATION AND ACCESS |
| Materials specified |
Publisher description |
| Uniform Resource Identifier |
<a href="http://www.loc.gov/catdir/description/cam027/95042361.html">http://www.loc.gov/catdir/description/cam027/95042361.html</a> |
| 856 42 - ELECTRONIC LOCATION AND ACCESS |
| Materials specified |
Table of contents |
| Uniform Resource Identifier |
<a href="http://www.loc.gov/catdir/toc/cam026/95042361.html">http://www.loc.gov/catdir/toc/cam026/95042361.html</a> |
| 942 ## - ADDED ENTRY ELEMENTS (KOHA) |
| Source of classification or shelving scheme |
|
| Koha item type |
Book |
| Call number prefix |
355,MIL |